000 00825nam a2200265Ia 4500
003 OSt
005 20220930094416.0
006 a|||||r|||| 00| 0
007 ta
008 220926b |||||||| |||| 00| 0 eng d
024 _a71865
037 _cTheses
040 _aCRL
_cCRL
_beng
041 _2eng
_aeng
100 _aSumit Kumar Au.
_9553836
110 _aUniversity of Delhi. Faculty of Science. Department of Chemistry
245 0 _aEnvisaging the green synthesis of nanoparticles and their significance on protein stability
260 _c2021
300 _a227p.
_ap.
_ccm.
650 _aChemistry
700 _a Venkatesu P Gu.
_9543861
700 _aUniversity of Delhi. Faculty of Science. Department of Chemistry
942 _cDIS
_2CC
999 _c887087
_d887087